Procesos para ingeniería de manufactura / (Registro nro. 30541)
[ vista simple ]
| 000 -CABECERA | |
|---|---|
| campo de control de longitud fija | 01331nam a22002417a 4500 |
| 008 - CÓDIGOS DE INFORMACIÓN DE LONGITUD FIJA | |
| fixed length control field | 240208t1996 mx a gr 001 0 spa d |
| 020 ## - NÚMERO INTERNACIONAL NORMALIZADO PARA LIBROS | |
| ISBN | 9701501985 |
| 037 ## - SOURCE OF ACQUISITION | |
| Materials specified | Donación |
| 040 ## - Fuente de catalogación | |
| Agencia original de catalogación | CO-JMCR |
| Agencia de transcripción | CO-JMCR |
| Agencia de modificación | CO-JMCR |
| Convenciones de descripción | rda |
| Lenguaje de catalogación | spa |
| 041 ## - CÓDIGO DE LENGUA | |
| Código idioma | spa |
| 082 ## - NÚMERO DE LA CLASIFICACIÓN DECIMAL DEWEY | |
| Edition number | 23 |
| Número de clasificación Decimal | 670 |
| Número de documento (Cutter) | A46p |
| 100 ## - PUNTO DE ACCESO PRINCIPAL-NOMBRE DE PERSONA | |
| Nombre personal | Alting, Leo, |
| Término de función/relación | autor |
| 9 (RLIN) | 43315 |
| 245 ## - TÍTULO PROPIAMENTE DICHO | |
| Título | Procesos para ingeniería de manufactura / |
| Mención de responsabilidad, etc. | Leo Alting |
| 246 ## - VARYING FORM OF TITLE | |
| Title proper/short title | manufacturing engineering process |
| 250 ## - DECLARACIÓN DE EDICIÓN | |
| Declaración de edición | Tercera edición |
| 264 ## - PRODUCCION, PUBLICACION, DISTRIBUCION, COPYRIGHT | |
| Lugar de producción, publicación, distribución, etc | Mexico : |
| Nombre del editor, productor, distribuidor, etc | Alfaomega , |
| Fecha de producción, publicación, distribución, copyright | ©1996 |
| 300 ## - DESCRIPCIÓN FÍSICA | |
| Extensión | 369 páginas : |
| Otros detalles físicos | Ilustraciones a blanco y negro ; |
| Dimensiones | 22 cm. |
| 520 ## - RESUMEN, ETC. | |
| Resumen,etc. | Morfología de los procesos. -- propiedades de los materiales de ingeniería. -- Materiales de ingeniería. -- Teoría básica de la metalistería. -- Clasificación de los procesos de manufactura. -- Materiales sólidos : procesos de conservación de masa. -- Materiales sólidos : procesos de reducción de masa. -- Materiales sólidos : procesos de unión. -- Materiales granulares : pulvimetalurgia. -- Materiales líquidos : procesos de fundición. -- Plásticos y procesamientos de plásticos. -- Notas sobre seguridad industrial. |
| 650 ## - TÉRMINO DE MATERIA | |
| 9 (RLIN) | 43316 |
| 650 ## - TÉRMINO DE MATERIA | |
| 9 (RLIN) | 43317 |
| 650 ## - TÉRMINO DE MATERIA | |
| 9 (RLIN) | 43318 |
| Withdrawn status | Lost status | Damaged status | Not for loan | Home library | Current library | Shelving location | Date acquired | Source of acquisition | Total Checkouts | Full call number | Barcode | Date last seen | Date last checked out | Copy number | Price effective from | Koha item type |
|---|---|---|---|---|---|---|---|---|---|---|---|---|---|---|---|---|
| Biblioteca Pública José María del Castillo y Rada | Biblioteca Pública José María del Castillo y Rada | General Stacks | 01/25/2024 | Donación | 2 | 670 A46p | 201812243 | 09/27/2024 | 09/27/2024 | Ej. 1 | 02/08/2024 | Books |